000 00301nam a22001337a 4500
008 181016b xxu||||| |||| 00| 0 eng d
020 _a9780323018227
041 _aeng
080 _221 ED
_a615
100 _a5
101 _aFAR
245 _aPharmscology In Nursing
_cSalermo.m
942 _2udc
_cBK
999 _c49911
_d49911